| 000 | 00428 a2200109 4500 | ||
|---|---|---|---|
| 020 | _a9058095479 | ||
| 082 | _a624.151363 COA | ||
| 245 |
_aThe Premixing method : _bprinicple, design, and construction / _cedited by Coastal Development Institute of Technology (CDIT), Tokyo, Japan. |
||
| 260 |
_aLisse, The Netherlands ; _aExton, PA : _bBalkema Publishers, _c2003. |
||
| 300 |
_axii, 140 p. : _bill. ; _c25 cm. |
||
| 650 | _aSoil mechanics. | ||
| 650 | _aFoundations. | ||
| 999 |
_c1225 _d1225 |
||